[Event "Pere Noel"]
[Site "Montreal CAN"]
[Date "2023.12.30"]
[Round "5.14"]
[White "Avarian, Aram Sevag"]
[Black "Lin, Leo"]
[Result "0-1"]
[WhiteElo "1896"]
[BlackElo "2236"]
[PlyCount "58"]
[EventDate "2023.12.27"]
[EventType "swiss"]
[EventRounds "5"]
[EventCountry "CAN"]

1. e4 c5 2. Nc3 Nc6 3. Bb5 e6 4. Bxc6 bxc6 5. d3 d5 6. f4 Nf6 7. e5 Nd7 8. Qg4
g6 9. Nf3 c4 10. dxc4 Ba6 11. cxd5 cxd5 12. Ne2 Qa5+ 13. c3 h5 14. Qh3 Nc5 15.
Nfd4 Nd3+ 16. Kf1 Qb6 17. b3 Bc5 18. Qe3 Rc8 19. Bd2 O-O 20. g4 f6 21. gxh5
fxe5 22. Qg3 Rf6 23. Nf5 exf5 24. fxe5 Nxe5 25. c4 Ng4 26. Nf4 dxc4 27. bxc4
Bxc4+ 28. Kg2 g5 29. Ng6 Qb7+ 0-1

[Event "Pere Noel"]
[Site "Montreal CAN"]
[Date "2023.12.30"]
[Round "5.15"]
[White "Li, Yi Lin"]
[Black "Peloquin, Charli"]
[Result "0-1"]
[WhiteElo "2111"]
[BlackElo "1848"]
[PlyCount "160"]
[EventDate "2023.12.27"]
[EventType "swiss"]
[EventRounds "5"]
[EventCountry "CAN"]

1. e4 Nf6 2. e5 Nd5 3. c4 Nb6 4. d4 d6 5. exd6 cxd6 6. Bd3 Nc6 7. Nf3 Bg4 8.
Be3 e5 9. d5 Ne7 10. h3 Bf5 11. Be2 g6 12. Nc3 Bg7 13. O-O O-O 14. Ne1 Rc8 15.
Qb3 Bd7 16. Nf3 h6 17. Bxb6 axb6 18. Qb4 Re8 19. a4 Nf5 20. Ne4 Bf8 21. Ra3 Ng7
22. Rb3 Bf5 23. Nc3 Bc2 24. Ra3 Bf5 25. Rc1 e4 26. Nh2 Qg5 27. Na2 e3 28. Nf3
exf2+ 29. Kxf2 Rxe2+ 30. Kxe2 Qxg2+ 31. Kd1 Re8 32. Qd2 Qf1+ 33. Ne1 Be7 34.
Qg2 Qf4 35. Nd3 Qd4 36. Qf2 Qe4 37. Qf4 Qh1+ 38. Kc2 Qxh3 39. Rd1 Nh5 40. Qxh6
Qg4 41. Qd2 Qxc4+ 42. Kb1 Nf4 43. Nac1 Bf6 44. Ka1 Nxd5 45. Re1 Ra8 46. Qd1 b5
47. a5 b4 48. Ra2 b6 49. a6 b3 50. Ra3 Rxa6 51. Re8+ Kg7 52. Rxa6 Qxa6+ 53. Kb1
Qa3 54. bxa3 Nc3+ 55. Kb2 Nxd1+ 56. Kxb3 Nc3 57. Nb4 g5 58. Ncd3 Be6+ 59. Kc2
g4 60. Nf4 Bf5+ 61. Kb3 Be5 62. Nfd3 Bf6 63. Nf4 Ne4 64. Nbd5 Be5 65. Nh5+ Kg6
66. Ne7+ Kxh5 67. Nxf5 Kg5 68. Nxd6 Bxd6 69. Rxe4 f5 70. Re6 Bc5 71. a4 g3 72.
Re8 Kf4 73. Rg8 Kf3 74. Rg5 f4 75. a5 bxa5 76. Rxc5 g2 77. Rc1 Kg3 78. Kc2 Kh2
79. Ra1 g1=Q 80. Rxa5 Qf2+ 0-1

[Event "Pere Noel"]
[Site "Montreal CAN"]
[Date "2023.12.30"]
[Round "5.16"]
[White "Guillemette, Thomas"]
[Black "Di Matteo, Alessio"]
[Result "1-0"]
[WhiteElo "1888"]
[BlackElo "2035"]
[PlyCount "119"]
[EventDate "2023.12.27"]
[EventType "swiss"]
[EventRounds "5"]
[EventCountry "CAN"]

1. e4 e6 2. d4 d5 3. Nd2 c5 4. exd5 Qxd5 5. Ngf3 cxd4 6. Nb3 Nc6 7. Nbxd4 Nxd4
8. Qxd4 Qxd4 9. Nxd4 a6 10. Bd3 Nf6 11. O-O Be7 12. Re1 O-O 13. Bf4 Rd8 14. Nf3
Bd7 15. Rad1 Rac8 16. c3 Bc6 17. Nd4 Bd5 18. a3 h6 19. Bc2 b5 20. h3 Bf8 21.
Bd3 Bb7 22. Be2 Nd7 23. Bf3 Bxf3 24. Nxf3 Nc5 25. Rd2 Rxd2 26. Bxd2 Nd3 27. Rb1
Bc5 28. Be3 Bxe3 29. fxe3 e5 30. Kf1 e4 31. Ne1 Ne5 32. Ke2 Rd8 33. Nc2 Rd6 34.
b3 Rd3 35. Nb4 Rxc3 36. Kd2 Rc8 37. Nxa6 Ra8 38. Nc5 f5 39. a4 b4 40. Ke2 Rc8
41. Na6 Nd3 42. Rd1 Rc6 43. Nb8 Rc3 44. Rb1 Nc1+ 45. Kf2 Nxb3 46. Na6 Rc2+ 47.
Kg3 Rc3 48. Kf4 g6 49. Nxb4 Nc5 50. a5 Ra3 51. a6 Nxa6 52. Nxa6 Rxa6 53. Rb7
Re6 54. g4 fxg4 55. hxg4 Re8 56. Rb4 g5+ 57. Kf5 Re7 58. Rxe4 Rf7+ 59. Kg6 Rf1
60. Re8+ 1-0

[Event "Pere Noel"]
[Site "Montreal CAN"]
[Date "2023.12.30"]
[Round "5.17"]
[White "Ramos, Michelle"]
[Black "Robichaud, Louis"]
[Result "0-1"]
[WhiteElo "1702"]
[BlackElo "2030"]
[PlyCount "84"]
[EventDate "2023.12.27"]
[EventType "swiss"]
[EventRounds "5"]
[EventCountry "CAN"]

1. c4 Nf6 2. Nc3 g6 3. g3 Bg7 4. Bg2 O-O 5. e4 d6 6. Nge2 e5 7. O-O Nc6 8. d3
a5 9. h3 Nd4 10. Be3 Nd7 11. f4 Nc5 12. Qd2 c6 13. Bxd4 exd4 14. Nd1 f5 15. Nf2
Qb6 16. Kh2 Bd7 17. Rab1 Rae8 18. b3 Qb4 19. Qc2 Ra8 20. a4 Rae8 21. Rfd1 Rb8
22. Nc1 Kh8 23. Na2 Qa3 24. Qb2 Qxb2 25. Rxb2 b5 26. axb5 cxb5 27. Rbb1 bxc4
28. bxc4 Ba4 29. Re1 Bb3 30. Re2 a4 31. Nc1 Rfe8 32. Nxb3 axb3 33. Reb2 Rb6 34.
Bf3 Reb8 35. Bd1 Bf6 36. Kg2 Ra6 37. Be2 Bd8 38. Rc1 Ra3 39. Nd1 Na4 40. Rbb1
Ba5 41. Nb2 Nc3 42. Ra1 Ra2 0-1

[Event "Pere Noel"]
[Site "Montreal CAN"]
[Date "2023.12.30"]
[Round "5.18"]
[White "St-Germain, Jack"]
[Black "Jiang, Barron Jiyu"]
[Result "1-0"]
[WhiteElo "1794"]
[BlackElo "1971"]
[PlyCount "101"]
[EventDate "2023.12.27"]
[EventType "swiss"]
[EventRounds "5"]
[EventCountry "CAN"]

1. e4 c5 2. Nf3 a6 3. d4 cxd4 4. Nxd4 Nf6 5. Nc3 e5 6. Nb3 Bb4 7. Bd3 d5 8.
exd5 Qxd5 9. O-O Bxc3 10. bxc3 e4 11. c4 Qf5 12. Ba3 Nc6 13. Re1 Be6 14. Nc5
exd3 15. Nxb7 Qf4 16. g3 Qd4 17. c3 Qd7 18. Nc5 Qd6 19. Qa4 Qc7 20. Nxe6 fxe6
21. Rxe6+ Kf7 22. Rxc6 Qb7 23. c5 Qb5 24. Qxb5 axb5 25. Bb4 d2 26. Rd6 Ne4 27.
Rd4 Rhd8 28. Rxd8 Rxd8 29. Rd1 Rd3 30. Kf1 Nxc3 31. Bxc3 Rxc3 32. Rxd2 Rxc5 33.
Ke2 Ke6 34. Kd3 g5 35. Rc2 Rd5+ 36. Ke4 Re5+ 37. Kf3 Kd5 38. Kg4 Kd4 39. h4 Kd3
40. Rb2 gxh4 41. Kxh4 Kc3 42. f4 Rc5 43. Rf2 Kd4 44. f5 Ke5 45. Kg5 Rc8 46. f6
Rf8 47. f7 Ke6 48. Kh6 b4 49. Kg7 Rxf7+ 50. Rxf7 h5 51. Rf4 1-0

[Event "Pere Noel"]
[Site "Montreal CAN"]
[Date "2023.12.30"]
[Round "5.19"]
[White "Steinberg, Ellis"]
[Black "Auersperg, Leo"]
[Result "1-0"]
[WhiteElo "1928"]
[BlackElo "1694"]
[PlyCount "121"]
[EventDate "2023.12.27"]
[EventType "swiss"]
[EventRounds "5"]
[EventCountry "CAN"]

1. e4 c6 2. d4 d5 3. exd5 cxd5 4. Bd3 Nc6 5. c3 Nf6 6. Bf4 g6 7. Nd2 Bg7 8.
Ngf3 Bf5 9. Bxf5 gxf5 10. Ne5 O-O 11. h4 e6 12. h5 h6 13. f3 Nd7 14. Nxd7 Qxd7
15. O-O f6 16. Be3 Rae8 17. f4 e5 18. dxe5 fxe5 19. Bc5 Rf7 20. fxe5 Nxe5 21.
Nf3 Ng4 22. Qd2 b6 23. Bf2 Qd6 24. Rae1 Rfe7 25. Rxe7 Rxe7 26. Re1 Re4 27. Rd1
Nf6 28. Bh4 Nxh5 29. Qxd5+ Qxd5 30. Rxd5 Re2 31. Rxf5 Rxb2 32. Rxh5 Rxa2 33.
Nd4 Ra3 34. Nb5 Ra5 35. Rd5 a6 36. Nc7 Ra1+ 37. Kf2 Bxc3 38. Rd8+ Kf7 39. Rd7+
Kg6 40. Kf3 Rf1+ 41. Ke2 Rg1 42. Kf3 Rf1+ 43. Ke4 Rg1 44. Nd5 Bd2 45. Ne7+ Kh5
46. Bf2 Rxg2 47. Rxd2 Kg4 48. Ke3 h5 49. Rd4+ Kg5 50. Bh4+ Kh6 51. Rd6+ Kg7 52.
Nf5+ Kf7 53. Rf6+ Ke8 54. Rxb6 Ra2 55. Rb7 Ra4 56. Nd4 Ra3+ 57. Kf4 Rh3 58.
Re7+ Kf8 59. Ne6+ Kg8 60. Rg7+ Kh8 61. Bf6 1-0

[Event "Pere Noel"]
[Site "Montreal CAN"]
[Date "2023.12.30"]
[Round "5.20"]
[White "Duval, Mathieu"]
[Black "Berube, Maximilien"]
[Result "1/2-1/2"]
[WhiteElo "1810"]
[BlackElo "1921"]
[PlyCount "119"]
[EventDate "2023.12.27"]
[EventType "swiss"]
[EventRounds "5"]
[EventCountry "CAN"]

1. d4 Nf6 2. c4 e6 3. Nf3 d5 4. Nc3 Bb4 5. e3 O-O 6. Bd2 b6 7. Bd3 Bb7 8. cxd5
exd5 9. a3 Be7 10. O-O Nbd7 11. b4 a6 12. Qb3 Re8 13. Rac1 Bd6 14. Rfe1 Nf8 15.
a4 Ne4 16. Red1 Kh8 17. Bb1 f5 18. Ba2 Nxc3 19. Rxc3 Nd7 20. b5 axb5 21. axb5
Nf6 22. Rc2 Qe7 23. Rdc1 Ra3 24. Qb2 Ra7 25. Ne5 Ba3 26. Qb1 Bxc1 27. Rxc1 Qa3
28. Bb3 Bc8 29. Nd3 Qf8 30. Bb4 Qg8 31. Ne5 Be6 32. Nc6 Rb7 33. Ne7 Qf7 34.
Nxf5 Qd7 35. Ng3 Qxb5 36. Bc2 c5 37. Bxc5 bxc5 38. Qxb5 Rxb5 39. Ba4 Reb8 40.
Bxb5 Rxb5 41. dxc5 Nd7 42. c6 Rc5 43. Rxc5 Nxc5 44. Ne2 Na6 45. Nf4 Nc7 46. f3
Kg8 47. e4 dxe4 48. fxe4 Kf7 49. Kf2 Bc4 50. Ke3 Ke7 51. Kd4 Bb5 52. Kc5 Ba4
53. Nd5+ Kd8 54. Kb6 Ne6 55. c7+ Nxc7 56. Nxc7 Kd7 57. Nb5 Ke6 58. Nc3 Bc2 59.
Kc7 Ke5 60. Kd7 1/2-1/2

[Event "Pere Noel"]
[Site "Montreal CAN"]
[Date "2023.12.30"]
[Round "5.22"]
[White "Cottreau, Aiden"]
[Black "Yang, Jing Yao"]
[Result "0-1"]
[WhiteElo "1840"]
[BlackElo "1594"]
[PlyCount "132"]
[EventDate "2023.12.27"]
[EventType "swiss"]
[EventRounds "5"]
[EventCountry "CAN"]

1. d4 Nf6 2. c4 g6 3. Nc3 d5 4. Bg5 Ne4 5. Bd2 Nxd2 6. Qxd2 c6 7. e3 Bg7 8. Nf3
O-O 9. Rc1 dxc4 10. Bxc4 Nd7 11. O-O Nb6 12. Be2 e5 13. Rfd1 exd4 14. Nxd4 Qe7
15. a4 a5 16. e4 Qb4 17. Qe3 Nd7 18. f4 Qxb2 19. e5 Qb4 20. Ne4 Qe7 21. e6 Nf6
22. Ng5 fxe6 23. Ndxe6 Re8 24. Bc4 Nd5 25. Rxd5 cxd5 26. Bxd5 Bxe6 27. Nxe6 Kh8
28. Qh3 Rac8 29. Rb1 b6 30. Qd3 Rb8 31. Ng5 Rf8 32. Qb3 Bd4+ 33. Kh1 Rxf4 34.
Ne6 Rf2 35. Nxd4 Rbf8 36. Nf3 Qc5 37. Qxb6 Qxb6 38. Rxb6 Rf1+ 39. Ng1 Ra1 40.
Bf3 Re8 41. Bc6 Rd8 42. Bf3 Re8 43. h4 Ree1 44. h5 Rxg1+ 45. Kh2 Rh1+ 46. Kg3
Rhb1 47. Rxb1 Rxb1 48. hxg6 hxg6 49. Bc6 Kg7 50. Kf4 Kf6 51. Kg4 Rb4+ 52. Kf3
Ke5 53. Kg3 Kf5 54. Bd7+ Kg5 55. Kf3 Rd4 56. Be8 Kf5 57. g4+ Kg5 58. Bc6 Rxg4
59. Be8 Rb4 60. Ke3 Kf5 61. Kf3 Ke5 62. Bxg6 Rxa4 63. Ke3 Rd4 64. Bd3 a4 65.
Ke2 a3 66. Kd2 Rxd3+ 0-1

[Event "Pere Noel"]
[Site "Montreal CAN"]
[Date "2023.12.30"]
[Round "5.25"]
[White "Duguay-Piron, Simon"]
[Black "Forget, Luc"]
[Result "1-0"]
[WhiteElo "1734"]
[BlackElo "1782"]
[PlyCount "39"]
[EventDate "2023.12.27"]
[EventType "swiss"]
[EventRounds "5"]
[EventCountry "CAN"]

1. e4 Nf6 2. e5 Nd5 3. d4 d6 4. c4 Nb6 5. exd6 exd6 6. Nc3 Nc6 7. d5 Ne5 8. a4
Bg4 9. Qc2 Qe7 10. Nge2 g6 11. f3 Bf5 12. Ne4 Bxe4 13. Qxe4 Bg7 14. a5 Nbd7 15.
Be3 f5 16. Qc2 Nxf3+ 17. Kf2 Nfe5 18. h3 Qh4+ 19. g3 Qxc4 20. Nc3 1-0

[Event "Pere Noel"]
[Site "Montreal CAN"]
[Date "2023.12.30"]
[Round "5.26"]
[White "Cloutier, Eric"]
[Black "Jutras, Arnaud"]
[Result "0-1"]
[WhiteElo "1758"]
[BlackElo "1639"]
[PlyCount "89"]
[EventDate "2023.12.27"]
[EventType "swiss"]
[EventRounds "5"]
[EventCountry "CAN"]

1. e4 c6 2. d4 d5 3. e5 c5 4. dxc5 Nc6 5. f4 e6 6. Be3 d4 7. Bf2 Bxc5 8. Bd3
Nge7 9. Nf3 Nd5 10. g3 Ne3 11. Bxe3 dxe3 12. Nc3 Bb4 13. O-O h6 14. Qe2 a6 15.
Nd1 Bc5 16. Nc3 O-O 17. Ne4 Ba7 18. Rad1 Qc7 19. Nd6 Rd8 20. Kh1 b5 21. h4 Bb7
22. Kh2 Bc5 23. Ne4 Ba7 24. c3 Ne7 25. Nd6 Bc5 26. Ne4 Ba7 27. Bb1 Nc6 28. Ng1
Ne7 29. Nd6 Bc5 30. Qd3 g6 31. g4 Bd5 32. Ne4 Bc4 33. Nf6+ Kg7 34. Qe4 Bxf1 35.
Rxf1 Qc6 36. Qxc6 Nxc6 37. Be4 Rd2+ 38. Kh1 Rc8 39. Nf3 Rxb2 40. Nd7 e2 41. Re1
Bf2 42. Rc1 Rxa2 43. Nb6 Rd8 44. Rc2 Rxc2 45. Bxc2 0-1

[Event "Pere Noel"]
[Site "Montreal CAN"]
[Date "2023.12.30"]
[Round "5.27"]
[White "Presseau, Mateo"]
[Black "Gagnon, Gabriel"]
[Result "0-1"]
[WhiteElo "1474"]
[BlackElo "1810"]
[PlyCount "86"]
[EventDate "2023.12.27"]
[EventType "swiss"]
[EventRounds "5"]
[EventCountry "CAN"]

1. e4 c5 2. Nf3 d6 3. d4 cxd4 4. Nxd4 Nf6 5. Nc3 g6 6. f4 Bg7 7. e5 dxe5 8.
fxe5 Nd5 9. Bb5+ Kf8 10. Nf3 e6 11. Bc4 Nc6 12. O-O Qb6+ 13. Kh1 Nxc3 14. bxc3
Nxe5 15. Nxe5 Bxe5 16. Rb1 Qc7 17. Bh6+ Ke7 18. Qe2 f6 19. Rbe1 Rg8 20. Bf4 Bd7
21. Bb3 Bxf4 22. Bxe6 Be5 23. Bxg8 Rxg8 24. Qe3 Bc6 25. Qc5+ Kd8 26. Qxa7 Kc8
27. c4 Rd8 28. Qe3 Qd6 29. Qh3+ f5 30. Re2 Be4 31. Rxe4 Bxh2 32. Re3 Be5 33.
Qf3 Qc5 34. Rb1 Rd7 35. Rd3 Rc7 36. Rd5 Qe7 37. g3 Bf6 38. c5 Qe8 39. Qa3 Qe4+
40. Kh2 Qxd5 41. Qa8+ Kd7 42. Qa4+ Ke7 43. Re1+ Kf7 0-1

[Event "Pere Noel Special"]
[Site "Montreal CAN"]
[Date "2023.12.27"]
[Round "1"]
[White "Bouchard, Jean-Marc"]
[Black "Podariv, Cristian"]
[Result "1-0"]
[WhiteElo "1884"]
[BlackElo "1483"]
[PlyCount "121"]
[EventDate "2023.12.27"]
[EventType "swiss"]
[EventRounds "5"]
[EventCountry "CAN"]

1. b3 Nf6 2. Bb2 e6 3. e3 c5 4. f4 Nc6 5. Nf3 Be7 6. Nc3 O-O 7. g3 d6 8. Bg2 a6
9. O-O Qc7 10. Ne2 e5 11. fxe5 dxe5 12. Nh4 Be6 13. e4 g6 14. d3 Rad8 15. h3
Nd4 16. Nf3 Nxf3+ 17. Rxf3 Nxe4 18. Re3 f5 19. Qe1 Bg5 20. Rf3 Nf6 21. c4 Nd7
22. Nc3 Bf6 23. Re3 Bg7 24. Nd5 Bxd5 25. Bxd5+ Kh8 26. Be6 Rfe8 27. Bd5 Nb6 28.
Bg2 Nd7 29. Qe2 Re7 30. Re1 Rde8 31. Qf3 b5 32. Qc6 Qxc6 33. Bxc6 b4 34. Bxd7
Rxd7 35. Bxe5 Bxe5 36. Rxe5 Rxe5 37. Rxe5 Rxd3 38. Rxc5 Rxg3+ 39. Kh2 Rd3 40.
Ra5 Rd6 41. c5 Rc6 42. a3 bxa3 43. b4 Kg7 44. Rxa3 Kf6 45. Kg3 g5 46. Rd3 h5
47. Rd8 f4+ 48. Kf3 Kf5 49. Rf8+ Rf6 50. Rg8 Rc6 51. Rf8+ Rf6 52. Rg8 Rc6 53.
Rb8 g4+ 54. hxg4+ hxg4+ 55. Kf2 g3+ 56. Kf3 Re6 57. Rf8+ Rf6 58. Rc8 Rg6 59.
Rf8+ Rf6 60. Rb8 Re6 61. Rb6 1-0

[Event "Pere Noel Special"]
[Site "Montreal CAN"]
[Date "2023.12.27"]
[Round "1"]
[White "Rauch, Magnus"]
[Black "Cottreau, Aiden"]
[Result "1-0"]
[WhiteElo "1153"]
[BlackElo "1840"]
[PlyCount "80"]
[EventDate "2023.12.27"]
[EventType "swiss"]
[EventRounds "5"]
[EventCountry "CAN"]

1. e4 c5 2. c3 Nf6 3. e5 Nd5 4. d4 cxd4 5. cxd4 d6 6. Nf3 Nc6 7. exd6 Qxd6 8.
Nc3 Nxc3 9. bxc3 e6 10. Bd3 Be7 11. O-O b6 12. Qe2 Bb7 13. Be4 O-O 14. Bg5 h6
15. Bxe7 Qxe7 16. Rfd1 Rfd8 17. c4 Rac8 18. d5 Na5 19. Rac1 Kh8 20. Ne5 Qf6 21.
Qh5 Kg8 22. Qe2 exd5 23. cxd5 Rxc1 24. Rxc1 Bxd5 25. Bxd5 Rxd5 26. Qe4 Qd8 27.
Re1 Rd2 28. Qa4 Qf6 29. Nf3 Rd8 30. h3 Qc6 31. Qf4 Nb7 32. Re7 Qd5 33. Ne5 f6
34. Nd3 Rd7 35. Rxd7 Qxd7 36. Qb8+ Nd8 37. Nf4 Kf7 38. g3 g5 39. Nh5 Kg6 40. g4
Nc6 1-0

[Event "Pere Noel Special"]
[Site "Montreal CAN"]
[Date "2023.12.27"]
[Round "1"]
[White "Saspotas, Mashe"]
[Black "Rodrigue, Vincent"]
[Result "1-0"]
[WhiteElo "1514"]
[BlackElo "1450"]
[PlyCount "45"]
[EventDate "2023.12.27"]
[EventType "swiss"]
[EventRounds "5"]
[EventCountry "CAN"]

1. e4 c5 2. Nf3 Nc6 3. d4 cxd4 4. Nxd4 e5 5. Nb5 d6 6. N1c3 a6 7. Na3 b5 8. Nd5
Nf6 9. Bg5 Be6 10. Bxf6 gxf6 11. c3 Be7 12. Nc2 f5 13. exf5 Bxf5 14. Nce3 Be6
15. a4 Rb8 16. axb5 axb5 17. Ra6 Na5 18. Ra7 Nc6 19. Rc7 Bd7 20. Bd3 Bg5 21.
Qf3 O-O 22. h4 Bxh4 23. Qh5 1-0

[Event "Pere Noel U1400"]
[Site "Montreal CAN"]
[Date "2023.12.27"]
[Round "1.48"]
[White "Hernandez, Douglas"]
[Black "Chira, Dan"]
[Result "0-1"]
[WhiteElo "1101"]
[BlackElo "1336"]
[PlyCount "86"]
[EventDate "2023.12.27"]
[EventType "swiss"]
[EventRounds "5"]
[EventCountry "CAN"]

1. d4 Nf6 2. Nf3 d6 3. b3 g6 4. c4 Bg7 5. Qc2 Na6 6. a3 c6 7. Ng5 h6 8. Ne4
Nxe4 9. Qxe4 Bf5 10. Qf3 Bxd4 11. Nc3 Nc5 12. Bb2 Nxb3 13. Ra2 Qa5 14. Kd1 Bf6
15. e4 Be6 16. a4 h5 17. Ra3 Bg4 18. Rxb3 Bxf3+ 19. gxf3 O-O 20. f4 Rab8 21.
Be2 Bxc3 22. Bxc3 Qxa4 23. Kc2 c5 24. Rg1 Qc6 25. f3 Kh7 26. f5 Rg8 27. Rg5 f6
28. fxg6+ Rxg6 29. Rxh5+ Rh6 30. Rxh6+ Kxh6 31. Bd2+ Kg7 32. Kd3 Qa4 33. Rb1 b5
34. Rg1+ Kf7 35. Bc3 bxc4+ 36. Kd2 Qa2+ 37. Ke3 Rb3 38. Bxc4+ e6 39. Bxb3 Qxb3
40. Rc1 d5 41. exd5 exd5 42. Kf4 Qc4+ 43. Kf5 d4 0-1

[Event "Pere Noel U1400"]
[Site "Montreal CAN"]
[Date "2023.12.27"]
[Round "1.49"]
[White "Yavorskyi, Yevhen"]
[Black "Deng, Vincent"]
[Result "1-0"]
[WhiteElo "1327"]
[BlackElo "1092"]
[PlyCount "45"]
[EventDate "2023.12.27"]
[EventType "swiss"]
[EventRounds "5"]
[EventCountry "CAN"]

1. e4 e5 2. f4 exf4 3. Nf3 d5 4. exd5 Nf6 5. Nc3 Nxd5 6. Nxd5 Qxd5 7. d4 c5 8.
c3 cxd4 9. Bxf4 Nc6 10. Be2 Bc5 11. cxd4 Nxd4 12. Nxd4 Qxd4 13. Qxd4 Bxd4 14.
Bb5+ Bd7 15. Bxd7+ Kxd7 16. O-O-O Rac8+ 17. Kb1 Rc4 18. Be3 Kc7 19. Rxd4 Rxd4
20. Bxd4 f6 21. Rc1+ Kb8 22. Be3 Re8 23. Bf4+ 1-0

[Event "Pere Noel U1400"]
[Site "Montreal CAN"]
[Date "2023.12.27"]
[Round "1.50"]
[White "Adam, Gabriel"]
[Black "Hrivnak, Peter"]
[Result "1/2-1/2"]
[WhiteElo "1059"]
[BlackElo "1309"]
[PlyCount "144"]
[EventDate "2023.12.27"]
[EventType "swiss"]
[EventRounds "5"]
[EventCountry "CAN"]

1. e4 d6 2. Nf3 Nf6 3. Nc3 g6 4. g3 Bg7 5. Bg2 c5 6. O-O Nc6 7. d4 Bg4 8. Be3
O-O 9. dxc5 Bxf3 10. Bxf3 dxc5 11. Qxd8 Rfxd8 12. Bxc5 Rd2 13. Rac1 Ne5 14. Bg2
e6 15. Be3 Rd7 16. b3 a6 17. Na4 Rd6 18. Bf4 Nfd7 19. Bxe5 Bxe5 20. Rcd1 Rxd1
21. Rxd1 Nf6 22. Nc5 Rc8 23. Nd3 Rd8 24. Bf3 Bc7 25. e5 Nd5 26. Bxd5 Rxd5 27.
Re1 a5 28. f4 Kf8 29. Kh1 Ke7 30. Nf2 Rd2 31. Ne4 Rxc2 32. a4 h5 33. Nf6 Rd2
34. Rc1 Bd8 35. Ne4 Rd4 36. Nd6 b6 37. Nb5 Rd3 38. Rc3 Rxc3 39. Nxc3 f6 40. Nb5
fxe5 41. fxe5 Kd7 42. Nd6 h4 43. gxh4 Bxh4 44. Kg2 Kc6 45. Kf3 Kd5 46. Nc4 Bd8
47. Ke3 g5 48. h3 Bc7 49. Kd3 Bxe5 50. Nxb6+ Kc6 51. Nc4 Bc7 52. Kd4 Bd8 53.
Ne5+ Kb6 54. Nc4+ Kc6 55. Ke5 Kd7 56. Nd2 Ke7 57. Ne4 Bc7+ 58. Kd4 Bf4 59. Kc4
e5 60. Kb5 Ke6 61. Kxa5 Kd5 62. Nc3+ Kd4 63. Nd1 e4 64. Kb6 e3 65. Nxe3 Kxe3
66. a5 Kf3 67. a6 Kg3 68. Kb7 Be3 69. b4 Kxh3 70. b5 g4 71. b6 Bxb6 72. Kxb6 g3
1/2-1/2

[Event "Pere Noel U1400"]
[Site "Montreal CAN"]
[Date "2023.12.27"]
[Round "1.51"]
[White "Ferjani, Wael"]
[Black "Delisle, Maxime"]
[Result "1-0"]
[WhiteElo "1300"]
[BlackElo "1054"]
[PlyCount "73"]
[EventDate "2023.12.27"]
[EventType "swiss"]
[EventRounds "5"]
[EventCountry "CAN"]

1. c4 e5 2. b3 Nc6 3. Bb2 Bc5 4. e3 d6 5. d4 Bb4+ 6. Nd2 Nf6 7. a3 Bxd2+ 8.
Qxd2 Qe7 9. d5 Nd8 10. Nf3 Bf5 11. Nh4 Bg6 12. Nxg6 hxg6 13. h3 Ne4 14. Qc2 Nc5
15. b4 Nd7 16. Be2 Qg5 17. g3 f5 18. h4 Qf6 19. O-O-O Nf7 20. Qa4 a6 21. Rd2 g5
22. h5 g6 23. g4 gxh5 24. gxh5 Nh6 25. c5 Ng4 26. Bf3 Qf7 27. c6 Nb6 28. cxb7+
Nxa4 29. bxa8=Q+ Ke7 30. Qxh8 c5 31. Qb8 e4 32. Qb7+ Ke8 33. Qxf7+ Kxf7 34.
Bxg4 fxg4 35. h6 Nxb2 36. Rxb2 Kg8 37. bxc5 1-0

[Event "Pere Noel U1400"]
[Site "Montreal CAN"]
[Date "2023.12.27"]
[Round "1.52"]
[White "Campos, Jorge"]
[Black "Hasbun, Merick"]
[Result "1/2-1/2"]
[WhiteElo "1044"]
[BlackElo "1289"]
[PlyCount "128"]
[EventDate "2023.12.27"]
[EventType "swiss"]
[EventRounds "5"]
[EventCountry "CAN"]

1. d4 d5 2. c4 e6 3. Nc3 Nf6 4. Bg5 Be7 5. Nf3 O-O 6. e3 Nbd7 7. Rc1 c5 8. cxd5
Nxd5 9. Bxe7 Nxe7 10. Bd3 cxd4 11. exd4 Nb6 12. O-O Ned5 13. Re1 Bd7 14. Ne5
Nf4 15. Be4 Rb8 16. Qf3 Nbd5 17. Nxd5 Nxd5 18. Bxd5 exd5 19. Nxd7 Qxd7 20. Re5
Rbc8 21. Rxc8 Rxc8 22. g3 Rc1+ 23. Kg2 Qb5 24. Qe2 Qxe2 25. Rxe2 Kf8 26. Kf3
Rd1 27. Ke3 Ke7 28. Rc2 Kd6 29. h4 Re1+ 30. Re2 Rxe2+ 31. Kxe2 Ke6 32. Kf3 Kf5
33. g4+ Ke6 34. Kf4 Kf6 35. f3 Ke6 36. b4 b5 37. Kg3 Kf6 38. f4 h5 39. f5 hxg4
40. Kxg4 g6 41. fxg6 Kxg6 42. a3 a6 43. Kf4 Kh5 44. Ke5 Kxh4 45. Kxd5 f5 46.
Ke5 Kg4 47. d5 f4 48. d6 f3 49. d7 f2 50. d8=Q f1=Q 51. Qg8+ Kh3 52. Qe6+ Kg3
53. Qg6+ Kh2 54. Qxa6 Qe2+ 55. Kd6 Qd3+ 56. Kc6 Qc4+ 57. Kb6 Qe6+ 58. Kxb5 Qd5+
59. Ka4 Qd1+ 60. Ka5 Qd5+ 61. b5 Qd2+ 62. Kb6 Qd6+ 63. Ka7 Qc7+ 64. Qb7 Qa5+
1/2-1/2

[Event "Pere Noel U1400"]
[Site "Montreal CAN"]
[Date "2023.12.27"]
[Round "1.53"]
[White "El-Bechara, Gabriel-Mourant"]
[Black "Chelkowski, Jan"]
[Result "1-0"]
[WhiteElo "1274"]
[BlackElo "1028"]
[PlyCount "57"]
[EventDate "2023.12.27"]
[EventType "swiss"]
[EventRounds "5"]
[EventCountry "CAN"]

1. e4 b6 2. d4 Bb7 3. Nc3 e6 4. Bd3 Bb4 5. Nge2 Nf6 6. O-O Bxc3 7. Nxc3 Nc6 8.
e5 Ng8 9. Qg4 g6 10. Bg5 f6 11. exf6 Nxf6 12. Qf4 Rf8 13. Ne4 Nd5 14. Qxf8+
Kxf8 15. Bxd8 Rxd8 16. c3 Nf4 17. Bc2 Na5 18. Rfe1 Nc4 19. Rab1 a6 20. Bb3 Na5
21. f3 Nc6 22. Nf2 Nh5 23. Nd3 Na5 24. Bc2 Nc4 25. Ne5 Nd6 26. Be4 Bc8 27. d5
Ke7 28. dxe6 dxe6 29. Nc6+ 1-0

[Event "Pere Noel U1400"]
[Site "Montreal CAN"]
[Date "2023.12.27"]
[Round "1.54"]
[White "Loevenich, Anna"]
[Black "Pelletier-Thibault, Benoit"]
[Result "1/2-1/2"]
[WhiteElo "1002"]
[BlackElo "1263"]
[PlyCount "109"]
[EventDate "2023.12.27"]
[EventType "swiss"]
[EventRounds "5"]
[EventCountry "CAN"]

1. d4 d5 2. Bf4 Nc6 3. e3 Nf6 4. c3 a6 5. Nd2 e6 6. Ngf3 Bd6 7. Ne5 Bxe5 8.
dxe5 Nd7 9. Nf3 O-O 10. g4 f6 11. exf6 Nxf6 12. Ne5 Nxe5 13. Bxe5 Bd7 14. h4 c6
15. g5 Ne8 16. Bd3 g6 17. Qc2 Ng7 18. O-O-O Qe8 19. Rdg1 Qf7 20. Rg2 Rac8 21.
Rgh2 Nh5 22. Rg1 c5 23. Be2 Qf5 24. Bxh5 Qxc2+ 25. Kxc2 gxh5 26. f4 Be8 27. Rf2
Bg6+ 28. Kd2 c4 29. Rd1 Rf5 30. Kc2 b5 31. e4 dxe4 32. Rd6 Bf7 33. Rfd2 Kf8 34.
Rd8+ Rxd8 35. Rxd8+ Be8 36. Kd2 Rf7 37. Bd6+ Kg7 38. Be5+ Kf8 39. Ke3 Rd7 40.
Rxd7 Bxd7 41. Kxe4 Kf7 42. Bd4 Bc6+ 43. Ke5 Ke7 44. Bc5+ Kd7 45. f5 exf5 46.
Kxf5 Kc7 47. Kf6 Be8 48. Kg7 Bg6 49. Kf6 Kc6 50. Bd4 Kd5 51. a3 Ke4 52. Ke6 Kd3
53. Kd5 Kc2 54. Kc5 Kxb2 55. Kb4 1/2-1/2

[Event "Pere Noel U1400"]
[Site "Montreal CAN"]
[Date "2023.12.27"]
[Round "1.55"]
[White "Diraddo, Daniel"]
[Black "Khabatou, Mohamed"]
[Result "1-0"]
[WhiteElo "1259"]
[BlackElo "891"]
[PlyCount "79"]
[EventDate "2023.12.27"]
[EventType "swiss"]
[EventRounds "5"]
[EventCountry "CAN"]

1. e4 e5 2. Nf3 Nc6 3. Bc4 Nf6 4. Nc3 d6 5. O-O Bg4 6. Re1 Nd4 7. d3 Nxf3+ 8.
gxf3 Bh5 9. Bg5 Be7 10. Qe2 Qd7 11. Bxf6 Bxf6 12. Nd5 Bh4 13. Ne3 O-O-O 14. Nf5
Qc6 15. Nxh4 g5 16. Nf5 Qd7 17. Qe3 Rhg8 18. Qxa7 c6 19. Qa8+ Kc7 20. Qa5+ Kc8
21. Re3 g4 22. fxg4 Rxg4+ 23. Ng3 Bg6 24. Kf1 h5 25. Rf3 Qc7 26. Qa8+ Kd7 27.
Qa4 h4 28. Nf5 Rc8 29. Ne3 Rg5 30. Nd5 Qd8 31. Nf6+ Ke7 32. Qb3 Rc7 33. Qb6 Qc8
34. Qe3 Rg4 35. Nxg4 Qxg4 36. Qe2 h3 37. Rxf7+ Bxf7 38. Qxg4 Kd8 39. Bxf7 Rxf7
40. Qg8+ 1-0

[Event "Pere Noel U1400"]
[Site "Montreal CAN"]
[Date "2023.12.27"]
[Round "1.56"]
[White "Wang, Adam"]
[Black "Chen, Yuxuan"]
[Result "0-1"]
[WhiteElo "887"]
[BlackElo "1258"]
[PlyCount "46"]
[EventDate "2023.12.27"]
[EventType "swiss"]
[EventRounds "5"]
[EventCountry "CAN"]

1. e4 e5 2. Nf3 Nc6 3. Nc3 Nf6 4. Bc4 Bc5 5. O-O d6 6. h3 Be6 7. Bb3 Qd7 8. d3
h6 9. Be3 Bb6 10. Nd5 Bxd5 11. exd5 Ne7 12. c4 O-O 13. Qd2 Nf5 14. Bxb6 axb6
15. d4 e4 16. Ne1 Rae8 17. Nc2 g5 18. Ne3 Nh4 19. Rae1 Qxh3 20. Ba4 Re7 21. Qc2
Nxg2 22. Nxg2 Ng4 23. Nh4 Qh2# 0-1